Questions/Réponses - Série Violetta - Statistiques

Statistiques générales
  • Ce quiz a été pris 1 839 fois
  • Le résultat moyen est 12 sur 15
Statistiques - réponses
Question Réponse % Correct
Comment s'appelle la défunte mère de Violetta ? Maria
98%
Quelle est l'autre passion de Léon autre que le chant et la danse ? La motocross
95%
Comment s'appelle le frère de Francesca ? Luca
90%
Qui est Napo pour Ludmila ? Son cousin
89%
Dans la saison 3 Andres à un nouveau surnom, lequel ? Le professeur de l'amour
86%
Quel est le titre interprété dans la saison 1 dans un costume de mannequin lors d'un spectacle ? Te Creo
84%
Où est ce que Violetta habitait avant d'arriver à Buenos Aires avec son père ? Madrid
83%
Avec quelle femme Pablo finit il à la fin de la saison 3 ? Brenda
82%
Comment s'appelle le groupe de musique formé par Olga, Roberto et Ramallo ? Espace Personnel
82%
Comment s'appelle le projet de Gregorio et Diego dans la saison 3 ? Art Rebel
80%
Qui est le mari de Jade et le père de Clément dans la saison 3 ? Nicolas
75%
Pourquoi Pablo n'a t-il pas voulu revenir travailler au studio One Beat ? Il n'avait pas fait le deuil d'Antonio
69%
Qui est amoureux secrètement de Violetta dans la saison 1 ? Braco
65%
Comment s'appelle l'ex copine de Marco aperçue dans la saison 2 ? Ana
62%
De quel homme Olga tombe t-elle amoureuse dans la saison 2 ? Cardozo
55%
Aucun quiz correspondant
Distribution des résultats
% des personnes avec chaque résultat
Percentile par nombre de réponses
Votre historique - résultats
Vous n’avez pas pris ce quiz